English language teaching in its social context A reader
Guardat en:
| Format: | Llibre |
|---|---|
| Idioma: | anglès |
| Publicat: |
Routledge
2001
|
| Etiquetes: |
Afegir etiqueta
Sense etiquetes, Sigues el primer a etiquetar aquest registre!
|
MARC
| LEADER | 00000nam a22000007a 4500 | ||
|---|---|---|---|
| 008 | 211028b ||||| |||| 00| 0 eng d | ||
| 020 | |a 0415241219 | ||
| 245 | |a English language teaching in its social context |b A reader |c Edited by Christopher N. Cadlin and Neil Mercer |g xiv, 352 p. : ill. | ||
| 260 | |b Routledge |c 2001 |d Book |h London |i 317533 |i 317534 |l PE1128 A2En3 |m English language--Study and teaching--Foreign speakers. |m English language--Study and teaching--Social aspects | ||
| 500 | |a Includes bibliographical references and index. | ||
| 942 | |a lcc |c BK |e Olagoke,M.A | ||
| 952 | |0 0 |1 0 |2 lcc |4 0 |6 PE1128 A2 E N3 |7 0 |9 3712 |a HOL |b HOL |c LP |d 2021-10-28 |l 0 |o PE1128.A2En3 |p 2021-67447 |r 2021-10-28 00:00:00 |w 2021-10-28 |y BK | ||
| 952 | |0 0 |1 0 |2 lcc |4 0 |6 PE1128 A2 E N3 |7 0 |9 3713 |a HOL |b HOL |c LP |d 2021-10-28 |l 0 |o PE1128.A2En3 |p 2021-67448 |r 2021-10-28 00:00:00 |w 2021-10-28 |y BK | ||
| 999 | |c 1849 |d 1849 | ||